| Поле | Название | Значение |
| |
Тип записи |
a |
| |
Библиографический уровень |
a |
| 001 |
Контрольный номер |
f7af793a39964fa0bc3b06d8e1b73691 |
| 005 |
Дата корректировки |
20140506180900.1 |
| 200 |
Заглавие и сведения об ответственности |
__ |
| a |
Заглавие |
Социальные издержки реформ (на примере Оренбургской области) |
| 461 |
Уровень набора |
_0 |
| 1 |
|
2001 |
| a |
|
Экономист |
| 463 |
Уровень физической единицы |
_0 |
| 1 |
|
200 |
| v |
|
С.59-62 |
| 1 |
|
210 |
| d |
|
2001. - №7 |
| 610 |
Ключевые слова |
__ |
| a |
Ключевые слова |
демографическая ситуация;социальная сфера;денежный доход населения |
| 686 |
Индексы других классификаций |
__ |
| a |
Классификационный индекс |
60.54 |
| 700 |
Автор |
__ |
| a |
Фамилия |
Толмачева |
| b |
Имя |
М. |
| 901 |
Тип документа |
__ |
| t |
Тип документа |
b |
| 938 |
Служебная информация |
__ |
| a |
Название организации |
Волгоградский филиал |
| b |
Имя БД |
Статьи ВКИ |
| c |
Название АИБС |
АИБС МАРК-SQL |